000 00430nam a2200145Ia 4500
008 100204s9999 xx 000 0 und d
082 _b8173
100 _aमेहता शशिकला
245 _aसोनगंधा
260 _b"साहित्य सेवा , औरंगाबाद"
_c1985
300 _a227
630 _aसोनगंधा
730 _aसोनगंधा
942 _cBOOK
999 _c452609
_d452606